[Event "Open"]
[Site "Pune"]
[Date "2004.09.09"]
[Round "7"]
[White "Iuldachev, Saidali"]
[Black "Vladimirov, Evgeny"]
[Result "1/2-1/2"]
[WhiteElo "2550"]
[BlackElo "2628"]
[PlyCount "37"]
[EventDate "2004.09.03"]
[Source "Roberto Alvarez"]
[SourceDate "2004.09.21"]

1. e4 e5 2. Nf3 Nc6 3. Nc3 g6 4. d4 exd4 5. Nxd4 Bg7 6. Be3 Nf6 7. Qd2 O-O 8. O-O-O Re8 9. f3 d5 10. exd5 Nxd5 11. Nxc6 bxc6 12. Bd4 Nxc3 13. Bxc3 Qxd2+ 14. Bxd2 Be6 15. b3 Be5 16. Bd3 c5 17. Rde1 c6 18. c4 f5 19. g3 1/2-1/2

[Event "Corus-B"]
[Site "Wijk aan Zee"]
[Date "2002.01.24"]
[Round "8"]
[White "Jonkman, Harmen"]
[Black "Krasenkow, Michal"]
[Result "1/2-1/2"]
[WhiteElo "2498"]
[BlackElo "2632"]
[PlyCount "92"]
[EventDate "2002.01.15"]
[Source "ChessBase"]
[SourceDate "2002.03.21"]

1. e4 e5 2. Nf3 Nc6 3. Nc3 g6 4. d4 exd4 5. Nd5 Bg7 6. Bg5 Nce7 7. Nxd4 c6 8. Nxe7 Nxe7 9. Qd2 h6 10. Bh4 d5 11. O-O-O O-O 12. exd5 g5 13. Bg3 Qxd5 14. c4 Qe4 15. f3 Qg6 16. Bd3 Qf6 17. Rhe1 Ng6 18. Bxg6 Qxg6 19. Be5 Bxe5 20. Rxe5 Bd7 21. c5 Rad8 22. Qe3 Bc8 23. b4 b6 24. Rd2 bxc5 25. Rxc5 Rd6 26. f4 gxf4 27. Qxf4 Rf6 28. Qg3 Rf1+ 29. Kb2 Rb1+ 30. Ka3 Qxg3+ 31. hxg3 Rd8 32. Rxc6 Bb7 33. Rxh6 a5 34. bxa5 Rd5 35. Ka4 Bc8 36. Nb3 Bd7+ 37. Ka3 Rxb3+ 38. axb3 Rxd2 39. Kb4 Rxg2 40. Rd6 Be6 41. a6 Ra2 42. Kc5 Bxb3 43. Kb6 Bc2 44. Rd2 Rb2+ 45. Kc7 Ra2 46. Kb6 Rb2+ 1/2-1/2

[Event "Vilnius zt"]
[Site "Vilnius"]
[Date "1975.??.??"]
[Round "15"]
[White "Bronstein, David I"]
[Black "Romanishin, Oleg M"]
[Result "1/2-1/2"]
[WhiteElo "2590"]
[BlackElo "2480"]
[PlyCount "43"]
[EventDate "1975.??.??"]
[Source "ChessBase"]

1. e4 e5 2. Nf3 Nc6 3. Nc3 g6 4. Bc4 Bg7 5. d3 Nge7 6. Nd5 Nxd5 7. Bxd5 O-O 8. Bg5 Qe8 9. Qd2 d6 10. h3 Be6 11. Bxe6 Qxe6 12. Bh6 d5 13. Bxg7 Kxg7 14. exd5 Qxd5 15. O-O Rfe8 16. Rfe1 Nd4 17. Nxd4 Qxd4 18. c3 Qd5 19. Re3 Rad8 20. a3 Re6 21. Rae1 Rde8 22. Qe2 1/2-1/2

[Event "Lewkowitz mem-A corr9498"]
[Site "?"]
[Date "1994.??.??"]
[Round "?"]
[White "Pizzuto, Samuele Tullio"]
[Black "Idema, Abram A"]
[Result "0-1"]
[WhiteElo "2455"]
[BlackElo "2580"]
[PlyCount "60"]
[EventDate "1994.??.??"]
[Source "www.chesslib.no"]
[SourceDate "2004.05.04"]

1. e4 e5 2. Nf3 Nc6 3. Nc3 g6 4. d4 exd4 5. Nxd4 Bg7 6. Be3 d6 7. Qd2 Nf6 8. Bb5 Bd7 9. Bxc6 bxc6 10. Bh6 O-O 11. Bxg7 Kxg7 12. O-O-O Rb8 13. f3 h5 14. Rhe1 Re8 15. h3 Qc8 16. g4 Qb7 17. b3 Qb4 18. Kb2 a5 19. Nf5+ Bxf5 20. gxf5 a4 21. Rg1 Nd7 22. a3 Qc4 23. Nxa4 Qxa4 24. Qc3+ Nf6 25. fxg6 fxg6 26. Rg5 Rb5 27. Rdg1 Rxg5 28. bxa4 Rb8+ 29. Kc1 Rxg1+ 30. Kd2 Rg5 0-1

[Event "Amantea Open"]
[Site "Amantea"]
[Date "1994.??.??"]
[Round "?"]
[White "Smagin, Sergey B"]
[Black "Djuric, Stefan"]
[Result "1-0"]
[WhiteElo "2545"]
[BlackElo "2480"]
[PlyCount "67"]
[EventDate "1994.09.??"]
[Source "www.chesslib.no"]
[SourceDate "2004.05.04"]

1. e4 e5 2. Nf3 Nc6 3. Nc3 g6 4. d4 exd4 5. Nd5 Bg7 6. Bg5 f6 7. Bh4 d6 8. Nxd4 a6 9. Be2 Nh6 10. c3 O-O 11. Nc2 g5 12. Bg3 Re8 13. f3 f5 14. exf5 Nxf5 15. Bf2 Be6 16. O-O Qd7 17. f4 Nce7 18. Nxe7+ Qxe7 19. Bh5 Rf8 20. g4 gxf4 21. gxf5 Qg5+ 22. Kh1 Rxf5 23. Bf3 c5 24. Qxd6 Bd5 25. Bxd5+ Rxd5 26. Qe6+ Kh8 27. Rg1 Qh5 28. Rxg7 Kxg7 29. Rg1+ Rg5 30. Qe5+ Kg6 31. Qe4+ Kf6 32. Qxf4+ Rf5 33. Bh4+ Ke6 34. Re1+ 1-0

[Event "Puebla Cazalla Open"]
[Site "Puebla Cazalla"]
[Date "1991.??.??"]
[Round "?"]
[White "Campora, Daniel H"]
[Black "Bass, Leonid"]
[Result "1-0"]
[WhiteElo "2515"]
[BlackElo "2500"]
[PlyCount "89"]
[EventDate "1991.??.??"]
[Source "www.chesslib.no"]
[SourceDate "2004.05.04"]

1. e4 e5 2. Nf3 Nc6 3. Nc3 g6 4. d4 exd4 5. Nxd4 Bg7 6. Be3 Nf6 7. Qd2 O-O 8. O-O-O Re8 9. f3 d6 10. h4 h5 11. Nxc6 bxc6 12. Bc4 Be6 13. Bxe6 Rxe6 14. Ne2 Re8 15. Bd4 d5 16. e5 Nd7 17. f4 c5 18. Bf2 d4 19. c3 Bh6 20. cxd4 Qe7 21. Kb1 cxd4 22. Qxd4 Nb6 23. Qc5 Qxc5 24. Bxc5 f6 25. Nc3 fxe5 26. Bxb6 cxb6 27. Nd5 Rf8 28. fxe5 Rf2 29. Rhf1 Re2 30. Ne7+ Kh8 31. Nxg6+ Kh7 32. Rd7+ Bg7 33. Rff7 Kxg6 34. Rxg7+ Kf5 35. Rxa7 Rxa7 36. Rxa7 Rxg2 37. Rh7 Kxe5 38. Rxh5+ Kd6 39. Rg5 Rh2 40. h5 Kc7 41. a4 Kb7 42. Rb5 Ka6 43. Kc1 Rh4 44. b3 Rh2 45. Kd1 1-0

[Event "Geneve op"]
[Site "Geneve"]
[Date "1996.??.??"]
[Round "3"]
[White "Godena, Michele"]
[Black "Klovans, Janis"]
[Result "1-0"]
[WhiteElo "2485"]
[BlackElo "2520"]
[PlyCount "73"]
[EventDate "1996.01.??"]
[Source "ChessBase"]

1. e4 e5 2. Nf3 Nc6 3. Nc3 g6 4. Bc4 Bg7 5. a3 d6 6. d3 Nf6 7. h3 O-O 8. Bg5 h6 9. Be3 Nd7 10. Ne2 Nb6 11. Ba2 Kh7 12. Ng3 Be6 13. Bxe6 fxe6 14. c3 d5 15. Qe2 a5 16. Rd1 d4 17. Bc1 a4 18. O-O Nd7 19. h4 Qe7 20. h5 g5 21. Bd2 Na5 22. cxd4 exd4 23. e5 Nc6 24. Qe4+ Kg8 25. Nxd4 Ncxe5 26. Bc3 Nc5 27. Qe2 Rad8 28. Rfe1 Qf7 29. Bb4 Ncxd3 30. Rxd3 Nxd3 31. Bxf8 Rxf8 32. Nxe6 Nxe1 33. Nxf8 Qxf8 34. Qxe1 Bxb2 35. Qe6+ Qf7 36. Qxh6 Bf6 37. Ne4 1-0

[Event "Yerevan"]
[Site "Erevan ARM"]
[Date "1986.??.??"]
[Round "?"]
[White "Mnatsakanian, Eduard A"]
[Black "Psakhis, Lev B"]
[Result "0-1"]
[WhiteElo "2430"]
[BlackElo "2555"]
[PlyCount "82"]
[EventDate "1986.??.??"]
[Source "www.chesslib.no"]
[SourceDate "2004.05.04"]

1. e4 e5 2. Nf3 Nc6 3. Nc3 g6 4. d4 exd4 5. Nxd4 Bg7 6. Be3 d6 7. Be2 Nf6 8. O-O O-O 9. Qd2 Re8 10. Nxc6 bxc6 11. Bg5 Qe7 12. Kh1 Nxe4 13. Nxe4 Qxe4 14. Bf3 Qa4 15. b3 Qa6 16. Rae1 Bd7 17. a4 Rab8 18. Kg1 c5 19. Rxe8+ Rxe8 20. Re1 Qc8 21. h3 Bf5 22. Rxe8+ Qxe8 23. g4 Bd7 24. Qa5 Bd4 25. Qd2 Be6 26. Kg2 Qb8 27. Be3 Be5 28. Qd3 Qb4 29. Qb5 Qxb5 30. axb5 Bd4 31. Bxd4 cxd4 32. Kg3 g5 33. Be4 d5 34. Bd3 h6 35. f4 f6 36. fxg5 fxg5 37. Kf3 Bd7 38. Ke2 Kf7 39. b4 Ke7 40. Kf2 Kd8 41. Bf1 Kc8 0-1

[Event "Parnu  .71)"]
[Site "?"]
[Date "1971.??.??"]
[Round "19.6"]
[White "Tarve, Udo"]
[Black "Keres, Paul"]
[Result "1/2-1/2"]
[WhiteElo "2380"]
[BlackElo "2600"]
[PlyCount "83"]
[EventDate "1971.??.??"]
[Source "www.chesslib.no"]
[SourceDate "2004.05.04"]

1. e4 e5 2. Nf3 Nc6 3. Nc3 g6 4. d4 exd4 5. Nd5 Bg7 6. Bg5 Nce7 7. Nxd4 c6 8. Nc3 h6 9. Be3 Nf6 10. Bc4 O-O 11. e5 Ne8 12. Qd2 d5 13. exd6 Nxd6 14. Bb3 Nef5 15. Nxf5 Nxf5 16. O-O-O Qxd2+ 17. Bxd2 Nd4 18. Be3 Nxb3+ 19. axb3 Bf5 20. Bd4 Rfd8 21. Bxg7 Kxg7 22. Rxd8 Rxd8 23. Re1 Rd4 24. g3 h5 25. Re7 Bd7 26. Re4 Rd6 27. Re1 Bg4 28. Ne4 Rd5 29. Nd2 g5 30. f3 Be6 31. Nc4 Kf6 32. Ne3 Rd8 33. Rd1 Rh8 34. Kd2 h4 35. g4 Rd8+ 36. Ke2 Rxd1 37. Nxd1 Ke5 38. Ke3 f5 39. Nf2 f4+ 40. Ke2 a5 41. Nh3 Kf6 42. Nf2 1/2-1/2

[Event "Alekhine op"]
[Site "Moscow"]
[Date "1992.??.??"]
[Round "?"]
[White "Svidler, Peter"]
[Black "Geller, Efim P"]
[Result "1-0"]
[WhiteElo "2455"]
[BlackElo "2525"]
[PlyCount "87"]
[EventDate "1992.10.??"]
[Source "ChessBase"]

1. e4 e5 2. Nf3 Nc6 3. Nc3 g6 4. d4 exd4 5. Nxd4 Bg7 6. Be3 Nf6 7. Qd2 O-O 8. O-O-O Re8 9. f3 d5 10. Nxc6 bxc6 11. Bh6 Bh8 12. exd5 Nxd5 13. Bc4 Be6 14. Nxd5 cxd5 15. Bxd5 Bxd5 16. Qxd5 Qh4 17. Bg5 Qb4 18. Qb3 Qc5 19. Rd5 Qc6 20. Qd3 Rab8 21. b3 h6 22. Bh4 Qb6 23. Kb1 g5 24. Bg3 Qf6 25. c3 Rbd8 26. Re1 Rxe1+ 27. Bxe1 Re8 28. Bd2 Bg7 29. Kc2 Bf8 30. h3 Bd6 31. Rd4 Re6 32. Be3 Qe7 33. Re4 Be5 34. Qd5 c6 35. Qc4 Qa3 36. Kb1 Qd6 37. Bd4 Bxd4 38. Rxe6 fxe6 39. Qxd4 Qh2 40. Qf2 a5 41. Kb2 Qe5 42. Qc2 Kg7 43. Qd2 Qg3 44. Ka3 1-0

[Event "SUI Team Ch"]
[Site "Switzerland"]
[Date "1993.??.??"]
[Round "?"]
[White "Hug, Werner"]
[Black "Hort, Vlastimil"]
[Result "1/2-1/2"]
[WhiteElo "2430"]
[BlackElo "2545"]
[PlyCount "54"]
[EventDate "1993.??.??"]
[Source "www.chesslib.no"]
[SourceDate "2004.05.04"]

1. e4 e5 2. Nf3 Nc6 3. Nc3 g6 4. d4 exd4 5. Nxd4 Bg7 6. Be3 d6 7. Qd2 Nf6 8. f3 O-O 9. O-O-O Re8 10. h4 Bd7 11. Nde2 Ne5 12. Nf4 h5 13. Nfd5 Nxd5 14. Nxd5 Be6 15. Bg5 f6 16. Bh6 Qd7 17. Bxg7 Kxg7 18. Be2 Bxd5 19. Qxd5 Qc6 20. Qd4 Qb6 21. a3 Re7 22. Qxb6 axb6 23. Rd2 Ra5 24. c3 Nd7 25. Bd3 Ne5 26. Be2 Nd7 27. Bd3 Ne5 1/2-1/2

[Event "Dos Hermanas-B"]
[Site "Dos Hermanas"]
[Date "2001.04.26"]
[Round "8"]
[White "Campora, Daniel Hugo"]
[Black "Fernandez Garcia, Jose Luis"]
[Result "1-0"]
[WhiteElo "2503"]
[BlackElo "2465"]
[PlyCount "67"]
[EventDate "2001.04.19"]
[Source "ChessBase"]
[SourceDate "2001.07.05"]

1. e4 e5 2. Nf3 Nc6 3. Nc3 g6 4. d4 exd4 5. Nxd4 Bg7 6. Nxc6 bxc6 7. Bd3 Nf6 8. O-O O-O 9. Bg5 h6 10. Bh4 d6 11. Kh1 Bd7 12. f4 Qb8 13. Rb1 Qb4 14. a3 Qc5 15. Be2 Be6 16. Bf2 Qa5 17. Be1 Qb6 18. f5 Bc8 19. Bf2 Qb7 20. Bd4 Bd7 21. Qd2 Kh7 22. b4 Rae8 23. Bd3 Ng8 24. f6 Bh8 25. Rf2 Qa8 26. Ne2 a5 27. Rbf1 axb4 28. axb4 Qb7 29. Ng3 Rb8 30. c3 Rfe8 31. h4 Re6 32. h5 c5 33. bxc5 dxc5 34. e5 1-0

[Event "Ponferrada Open"]
[Site "Ponferrada"]
[Date "1992.??.??"]
[Round "?"]
[White "Rodriguez Talavera, Juan C"]
[Black "Pinter, Jozsef"]
[Result "0-1"]
[WhiteElo "2375"]
[BlackElo "2590"]
[PlyCount "76"]
[EventDate "1992.08.??"]
[Source "www.chesslib.no"]
[SourceDate "2004.05.04"]

1. e4 e5 2. Nf3 Nc6 3. Nc3 g6 4. d4 exd4 5. Nxd4 Bg7 6. Be3 d6 7. Qd2 Nf6 8. f3 O-O 9. O-O-O Re8 10. g4 Ne5 11. Be2 a6 12. Bh6 Bh8 13. h4 b5 14. h5 Bb7 15. Qe1 b4 16. Nb1 c5 17. Nf5 gxf5 18. gxf5 Nfg4 19. Rg1 Qf6 20. Qd2 Ng6 21. c3 Nxh6 22. Qxh6 Bg7 23. Qd2 d5 24. hxg6 fxg6 25. fxg6 Rad8 26. Rg4 h5 27. Rg3 dxe4 28. Qe3 Rxd1+ 29. Bxd1 Re5 30. fxe4 Bxe4 31. Bb3+ Kh8 32. Nd2 Bxg6 33. Qf3 Re1+ 34. Bd1 Qxf3 35. Rxf3 bxc3 36. bxc3 h4 37. Rh3 Bf6 38. Nf3 Re3 0-1

[Event "St Petersburg-Paris"]
[Site "Paris"]
[Date "1996.??.??"]
[Round "9"]
[White "Marciano, David"]
[Black "Popov, Valerij"]
[Result "0-1"]
[WhiteElo "2495"]
[BlackElo "2470"]
[PlyCount "84"]
[EventDate "1996.02.??"]
[Source "ChessBase"]

1. e4 e5 2. Nf3 Nc6 3. Nc3 g6 4. d4 exd4 5. Nxd4 Bg7 6. Be3 Nf6 7. Nxc6 bxc6 8. e5 Ng8 9. Bd4 f6 10. exf6 Nxf6 11. Qe2+ Qe7 12. O-O-O Qxe2 13. Bxe2 Kf7 14. Rhe1 d6 15. Bf3 Bd7 16. Ne4 Rhe8 17. b3 a5 18. Nxf6 Bxf6 19. Rxe8 Rxe8 20. Kb2 c5 21. Bd5+ Kg7 22. Bxf6+ Kxf6 23. Rd3 Bg4 24. h3 Be2 25. Rc3 g5 26. Ka3 Re5 27. Bc6 Rf5 28. f3 Bf1 29. g4 Rf4 30. Re3 Bxh3 31. Be4 Bg2 32. Ka4 d5 33. Kxa5 dxe4 34. fxe4 Bxe4 35. Kb5 Bxc2 36. Rc3 Bd1 37. Rxc5 Rxg4 38. b4 Be2+ 39. Ka5 Rc4 40. Rd5 Rc6 41. b5 Re6 42. Rc5 Re7 0-1

[Event "NRW-Liga II 9596"]
[Site "GER"]
[Date "1996.??.??"]
[Round "?"]
[White "Gurevich, Vladimir"]
[Black "Klovans, Janis"]
[Result "1/2-1/2"]
[WhiteElo "2445"]
[BlackElo "2520"]
[PlyCount "135"]
[EventDate "1995.??.??"]
[Source "www.chesslib.no"]
[SourceDate "2004.05.04"]

1. e4 e5 2. Nf3 Nc6 3. Nc3 g6 4. d4 exd4 5. Nxd4 Bg7 6. Be3 Nf6 7. Qd2 O-O 8. O-O-O d6 9. f3 Nxd4 10. Bxd4 Be6 11. Be3 a6 12. Bh6 Bxh6 13. Qxh6 Qe7 14. h4 Nd7 15. Qd2 b5 16. h5 g5 17. h6 Ne5 18. Be2 b4 19. Nd5 Bxd5 20. exd5 a5 21. g3 Ng6 22. Rh5 f6 23. f4 gxf4 24. gxf4 Kh8 25. Bd3 Qf7 26. Be2 Rae8 27. Bg4 Re4 28. Be6 Qe7 29. Rf1 c6 30. Rh2 cxd5 31. Bxd5 Rxf4 32. Re1 Qa7 33. Rg2 Qd4 34. Be6 Qxd2+ 35. Rxd2 Rh4 36. Rxd6 Rxh6 37. Rd5 Nf4 38. Rf5 Nxe6 39. Rxe6 Rh2 40. Kd1 Rd8+ 41. Ke1 Rxc2 42. Rxa5 Rxb2 43. Rxf6 Kg7 44. Re6 Rc8 45. Ra7+ Kh8 46. Rd6 Rh2 47. Kd1 Rg8 48. Rd2 Rg1+ 49. Kc2 Rxd2+ 50. Kxd2 h5 51. Ra5 Rh1 52. a4 h4 53. Kc2 Kg7 54. Rh5 Kg6 55. Rh8 Kg5 56. Kb3 Rb1+ 57. Ka2 Re1 58. Kb3 Rb1+ 59. Ka2 Re1 60. Kb3 Kg4 61. Kxb4 Re4+ 62. Kb5 Re5+ 63. Kb6 Rh5 64. Rc8 h3 65. Rc1 h2 66. Rh1 Kg3 67. a5 Kg2 68. Rxh2+ 1/2-1/2

[Event "Muenster Open"]
[Site "Muenster GER"]
[Date "1993.??.??"]
[Round "8"]
[White "Arkhipov, Sergey"]
[Black "Klovans, Janis"]
[Result "1-0"]
[WhiteElo "2515"]
[BlackElo "2440"]
[PlyCount "59"]
[EventDate "1993.10.??"]
[Source "www.chesslib.no"]
[SourceDate "2004.05.04"]

1. e4 e5 2. Nf3 Nc6 3. Nc3 g6 4. d4 exd4 5. Nxd4 Bg7 6. Be3 Nf6 7. Qd2 O-O 8. O-O-O Re8 9. f3 d6 10. g4 Ne5 11. Be2 a6 12. g5 Nfd7 13. f4 Nc6 14. h4 Nf8 15. Nxc6 bxc6 16. Bd4 Bxd4 17. Qxd4 c5 18. Qf2 Bb7 19. Bf3 Rb8 20. h5 Qc8 21. Rhe1 Bc6 22. hxg6 fxg6 23. e5 Bxf3 24. Qxf3 dxe5 25. Qd5+ Kg7 26. Rxe5 Qg4 27. Re4 Rxe4 28. Qxe4 Ne6 29. Qe5+ Kg8 30. Nd5 1-0

[Event "Moscow"]
[Site "?"]
[Date "1996.??.??"]
[Round "?"]
[White "Yagupov, I."]
[Black "Vasiukov, E."]
[Result "1/2-1/2"]
[WhiteElo "2450"]
[BlackElo "2505"]
[PlyCount "56"]
[EventDate "1996.??.??"]
[Source "ChessBase"]
[SourceDate "1996.02.01"]

1. e4 e5 2. Nf3 Nc6 3. Nc3 g6 4. d4 exd4 5. Nxd4 Bg7 6. Be3 Nf6 7. Qd2 O-O 8. O-O-O Re8 9. f3 d5 10. Bb5 Bd7 11. exd5 Nxd4 12. Bxd4 Bxb5 13. Nxb5 Qxd5 14. Nxc7 Qxa2 15. c3 b5 16. Nxa8 b4 17. Rhe1 Rxa8 18. Bxf6 Qa1+ 19. Kc2 Qa4+ 20. Kb1 Bxf6 21. Qd7 Qb3 22. Qd5 Qxd5 23. Rxd5 bxc3 24. b3 Rb8 25. Kc2 Rb6 26. Ra5 Rd6 27. Re2 Bd4 28. Ra4 h5 1/2-1/2

[Event "WJun, Athens GRE"]
[Site "?"]
[Date "2001.??.??"]
[Round "10"]
[White "Potkin, V."]
[Black "Flores, Di"]
[Result "1-0"]
[WhiteElo "2530"]
[BlackElo "2425"]
[PlyCount "55"]
[EventDate "2001.??.??"]
[Source "www.chesslib.no"]
[SourceDate "2004.05.04"]

1. e4 e5 2. Nf3 Nc6 3. Nc3 g6 4. d4 exd4 5. Nxd4 Bg7 6. Be3 d6 7. Qd2 Nf6 8. f3 O-O 9. O-O-O Nxd4 10. Bxd4 Be6 11. g4 c5 12. Be3 Qa5 13. Bh6 b5 14. Bxg7 Kxg7 15. Nxb5 Qxd2+ 16. Rxd2 d5 17. g5 Nh5 18. exd5 Bd7 19. Nc3 f6 20. Ne4 fxg5 21. Nxc5 Rad8 22. Nxd7 Rxd7 23. Bb5 Rdf7 24. d6 Rxf3 25. d7 Rd8 26. Re1 Rff8 27. c4 Nf6 28. c5 1-0

[Event "Vidmar mem"]
[Site "Ljubljana/Portoroz"]
[Date "1989.??.??"]
[Round "?"]
[White "Podlesnik, Bogdan"]
[Black "Greenfeld, Alon"]
[Result "1/2-1/2"]
[WhiteElo "2415"]
[BlackElo "2535"]
[PlyCount "44"]
[EventDate "1989.06.??"]
[Source "ChessBase"]

1. e4 e5 2. Nf3 Nc6 3. Nc3 g6 4. d4 exd4 5. Nxd4 Bg7 6. Be3 Nge7 7. Qd2 d6 8. O-O-O Be6 9. Nxe6 fxe6 10. Bh6 O-O 11. Bc4 Bxh6 12. Qxh6 Rxf2 13. Rhf1 Rxf1 14. Rxf1 Ne5 15. Bxe6+ Kh8 16. h4 Ng8 17. Qf4 c6 18. Ne2 Qe7 19. Bb3 Nd7 20. Rd1 Ne5 21. Rf1 Nd7 22. Rd1 Ne5 1/2-1/2

[Event "CRO Team Ch"]
[Site "Tucepi"]
[Date "1996.??.??"]
[Round "?"]
[White "Jurkovic, Hrvoje"]
[Black "Pinter, Jozsef"]
[Result "1-0"]
[WhiteElo "2390"]
[BlackElo "2560"]
[PlyCount "81"]
[EventDate "1996.??.??"]
[Source "www.chesslib.no"]
[SourceDate "2004.05.04"]

1. e4 e5 2. Nf3 Nc6 3. Nc3 g6 4. d4 exd4 5. Nxd4 Bg7 6. Be3 Nf6 7. Qd2 O-O 8. O-O-O Re8 9. f3 Qe7 10. g4 d6 11. g5 Nh5 12. Nd5 Qd8 13. Nb5 Ne5 14. Ndxc7 Nxf3 15. Qxd6 Bg4 16. Qxd8 Raxd8 17. Nxe8 Rxe8 18. Nd6 Re7 19. h3 Be6 20. Be2 Ne5 21. Bxh5 gxh5 22. Nf5 Re8 23. Nxg7 Kxg7 24. Bd4 Bc8 25. Bc3 Kg6 26. h4 Ng4 27. Rd6+ Be6 28. Rf1 Rc8 29. Bd4 b6 30. b3 Re8 31. a4 Rc8 32. Kb2 Ra8 33. c4 Rb8 34. Kc3 Rc8 35. Kb4 h6 36. gxh6 Rc7 37. a5 bxa5+ 38. Kxa5 Kxh6 39. Rxf7 Rxf7 40. Rxe6+ Kh7 41. c5 1-0

[Event "Banja Luka"]
[Site "Banja Luka"]
[Date "1976.??.??"]
[Round "11"]
[White "Mihaljcisin, Mihajlo"]
[Black "Smejkal, Jan"]
[Result "1/2-1/2"]
[WhiteElo "2325"]
[BlackElo "2615"]
[PlyCount "148"]
[EventDate "1976.12.??"]
[Source "ChessBase"]

1. e4 e5 2. Nf3 Nc6 3. Nc3 g6 4. d4 exd4 5. Nd5 Bg7 6. Bg5 Nce7 7. Nxd4 c6 8. Nc3 h6 9. Be3 Nf6 10. Nb3 d5 11. exd5 Nfxd5 12. Nxd5 Nxd5 13. Bd4 Bxd4 14. Qxd4 Qe7+ 15. Be2 O-O 16. Qd2 Qf6 17. Qd4 Qg5 18. Bf3 Re8+ 19. Kf1 Bf5 20. h4 Qe7 21. c3 h5 22. g3 Be4 23. Bxe4 Qxe4 24. Qxe4 Rxe4 25. Rd1 Rae8 26. Nc1 Nb6 27. Kg2 Na4 28. Rd2 c5 29. Rc2 c4 30. b3 Nb6 31. Rd1 Kg7 32. Kf1 R4e5 33. Ne2 Nd5 34. Nd4 Rc8 35. Rdc1 a6 36. Nf3 Rf5 37. Kg2 b5 38. bxc4 Rxc4 39. Nd2 Rg4 40. c4 Nf4+ 41. Kh2 Nd3 42. Rf1 bxc4 43. f4 g5 44. hxg5 h4 45. Ne4 hxg3+ 46. Nxg3 Rh4+ 47. Kg1 Rc5 48. Rxc4 Rxc4 49. Nf5+ Kg6 50. Nxh4+ Kh5 51. Nf5 Rxf4 52. Nd6 Rxf1+ 53. Kxf1 Ne5 54. Ne4 Kg4 55. Ke2 Kf4 56. Nc5 a5 57. a4 Kxg5 58. Nb3 Nc6 59. Kd3 Kf4 60. Kc4 Ke3 61. Kd5 f5 62. Kxc6 f4 63. Nxa5 f3 64. Nc4+ Ke2 65. a5 f2 66. a6 f1=Q 67. a7 Qg2+ 68. Kb6 Kd3 69. Ne5+ Kc3 70. Nc6 Qg8 71. Kb7 Qf7+ 72. Kc8 Qe8+ 73. Kb7 Qd7+ 74. Kb8 Qxc6 1/2-1/2

[Event "Memorial V.Doroshkevich (open)"]
[Site "Belorechensk (Russia)"]
[Date "2007.06.01"]
[Round "4"]
[White "Panarin Michail (RUS)"]
[Black "Weetik Vjacheslav (RUS)"]
[Result "1-0"]
[WhiteElo "2528"]
[BlackElo "2410"]
[PlyCount "85"]
[EventDate "2007.??.??"]
[Source "www.chesslib.no"]
[SourceDate "2004.05.04"]

1. e4 e5 2. Nf3 Nc6 3. Nc3 g6 4. d4 exd4 5. Nxd4 Bg7 6. Be3 Nf6 7. Qd2 O-O 8. O-O-O Re8 9. f3 d5 10. exd5 Nxd5 11. Nxc6 bxc6 12. Bd4 Nxc3 13. Bxc3 Qxd2+ 14. Bxd2 Be6 15. b3 Rad8 16. Ba6 c5 17. Bf4 Rd4 18. Bxc7 h5 19. Bg3 Red8 20. Rxd4 Bxd4 21. Re1 Bc3 22. Re2 Bg7 23. Bd3 Bh6+ 24. Kb2 Bd5 25. Be5 Re8 26. Bf6 Rxe2 27. Bxe2 Bf4 28. h4 Be3 29. Kc3 Kf8 30. Bb5 Bf2 31. Bd7 Bg1 32. Kd3 Bf2 33. a3 a5 34. c4 Bb7 35. Kc2 Ba8 36. Bb5 Bb7 37. Kd3 Ba8 38. Ke2 Bg3 39. Ke3 Bb7 40. Bd8 Ba8 41. Bb6 Bxh4 42. Bxc5+ Kg7 43. Bb6 1-0

[Event "BL2-S 9697"]
[Site "?"]
[Date "1997.??.??"]
[Round "?"]
[White "Grund Holger"]
[Black "Pinter Jozsef"]
[Result "0-1"]
[WhiteElo "2360"]
[BlackElo "2575"]
[PlyCount "100"]
[EventDate "1997.??.??"]
[Source "www.chesslib.no"]
[SourceDate "2004.05.04"]

1. e4 e5 2. Nf3 Nc6 3. Nc3 g6 4. d4 exd4 5. Nxd4 Bg7 6. Be3 Nf6 7. Qd2 O-O 8. O-O-O Re8 9. f3 d6 10. h4 Ne5 11. Bh6 Bh8 12. Be2 a6 13. g4 b5 14. h5 Bb7 15. Nb3 Qe7 16. Na5 b4 17. Nb1 Bc8 18. hxg6 Nxg6 19. Bc4 Qe5 20. Qxb4 Bd7 21. Qc3 Qe7 22. Bg5 Ne5 23. Bb3 Bb5 24. Qe3 c5 25. Nd2 Rab8 26. a4 Qc7 27. Qf4 c4 28. Bxf6 Bxf6 29. Qxf6 Re6 30. Qh4 cxb3 31. Ndxb3 Bxa4 32. Nd4 Rg6 33. Qxh7+ Kf8 34. Rh2 Qxa5 35. Qh8+ Rg8 36. Qh6+ Ke8 37. Qxd6 Rd8 38. Qf6 Rxd4 39. Rxd4 Qe1+ 40. Rd1 Nd3+ 41. Kb1 Qxd1+ 42. Ka2 a5 43. b3 Nb4+ 44. Kb2 Bd7 45. Qe5+ Be6 46. Qxa5 Qd4+ 47. c3 Nd3+ 48. Kc2 Ne1+ 49. Kb2 Qd6 50. Re2 Nd3+ 0-1

[Event "Matanzas"]
[Site "?"]
[Date "1992.??.??"]
[Round "?"]
[White "Rodriguez, Am"]
[Black "Lima, D."]
[Result "1/2-1/2"]
[WhiteElo "2495"]
[BlackElo "2440"]
[PlyCount "57"]
[EventDate "1992.??.??"]
[Source "ChessBase"]
[SourceDate "1992.06.01"]

1. e4 e5 2. Nf3 Nc6 3. Nc3 g6 4. d4 exd4 5. Nxd4 Bg7 6. Be3 Nf6 7. Qd2 O-O 8. O-O-O Ng4 9. Nxc6 bxc6 10. Bd4 Bxd4 11. Qxd4 Qf6 12. h3 Qxd4 13. Rxd4 Nxf2 14. Rg1 f5 15. exf5 Rxf5 16. g4 Rf8 17. Bg2 Rb8 18. Re1 c5 19. Rd2 Bb7 20. Bxb7 Rxb7 21. Rxd7 Nxh3 22. Ne4 Rf7 23. Rd8+ Kg7 24. Nxc5 Rb4 25. Ne6+ Kf6 26. Re8 Nf4 27. Rf1 g5 28. Re1 Nxe6 29. R8xe6+ 1/2-1/2

[Event "VIII Copa Itaú"]
[Site "Sau Paulo"]
[Date "2004.09.27"]
[Round "4"]
[White "Martinez, Carlos Alejandro"]
[Black "Lima, Darcy"]
[Result "1/2-1/2"]
[WhiteElo "2386"]
[BlackElo "2545"]
[PlyCount "68"]
[EventDate "2004.09.25"]
[Source "Roberto Alvarez"]
[SourceDate "2004.10.05"]

1. e4 e5 2. Nf3 Nc6 3. Nc3 g6 4. d4 exd4 5. Nxd4 Bg7 6. Be3 Nf6 7. Qd2 Ng4 8. Nxc6 bxc6 9. Bd4 Bxd4 10. Qxd4 Qf6 11. Qd2 d6 12. h3 Ne5 13. Be2 g5 14. Qe3 Qf4 15. Qxf4 gxf4 16. f3 f5 17. Bd3 Rb8 18. b3 O-O 19. Kf2 a5 20. Rhe1 Rb4 21. Rad1 Kg7 22. exf5 Bxf5 23. Bxf5 Rxf5 24. Re4 Ng6 25. a3 Rxe4 26. Nxe4 c5 27. Nc3 Ne5 28. Nb5 Rf7 29. Re1 Kf6 30. Re4 Ke6 31. Ra4 Nc6 32. Re4+ Ne5 33. Ra4 Nc6 34. Re4+ Ne5 1/2-1/2

[Event "Moscow-ch"]
[Site "Moscow"]
[Date "1996.??.??"]
[Round "10"]
[White "Cherniaev, Alexander"]
[Black "Vorotnikov, Vladislav V"]
[Result "0-1"]
[WhiteElo "2420"]
[BlackElo "2510"]
[PlyCount "77"]
[EventDate "1996.08.??"]
[Source "www.chesslib.no"]
[SourceDate "2004.05.04"]

1. e4 e5 2. Nf3 Nc6 3. Nc3 g6 4. d4 exd4 5. Nxd4 Bg7 6. Be3 d6 7. Qd2 Nf6 8. f3 O-O 9. O-O-O Re8 10. g4 Ne5 11. Be2 a6 12. Bh6 Bh8 13. h4 b5 14. h5 c5 15. Nf5 b4 16. Nd5 Nxd5 17. Qxd5 Be6 18. Qxd6 Qf6 19. g5 Nd3+ 20. Kd2 Qd8 21. Qxd8 Raxd8 22. cxd3 gxf5 23. Kc2 b3+ 24. axb3 Rb8 25. Ra1 Bxb3+ 26. Kd2 Be6 27. Rhb1 Rb6 28. Ke3 Bd4+ 29. Kf4 Bc8 30. Ra2 Be5+ 31. Ke3 f4+ 32. Kf2 Be6 33. Ra4 Reb8 34. Kf1 Bxb2 35. d4 Bh3+ 36. Kf2 Bxd4+ 37. Rxd4 Rxb1 38. Rd5 c4 39. Rc5 0-1

[Event "Prague Mladi-A"]
[Site "Prague CZE"]
[Date "1988.??.??"]
[Round "5"]
[White "Sher, Miron N"]
[Black "Lerner, Konstantin Z"]
[Result "1/2-1/2"]
[WhiteElo "2400"]
[BlackElo "2530"]
[PlyCount "59"]
[EventDate "1988.10.??"]
[Source "www.chesslib.no"]
[SourceDate "2004.05.04"]

1. e4 e5 2. Nf3 Nc6 3. Nc3 g6 4. d4 exd4 5. Nxd4 Bg7 6. Be3 Nf6 7. Qd2 O-O 8. O-O-O Re8 9. f3 Qe7 10. g4 Nb4 11. Bg5 c6 12. h4 d5 13. a3 a5 14. exd5 Nbxd5 15. Nxd5 cxd5 16. Bb5 Bd7 17. Bxd7 Qxd7 18. Qf4 Ra6 19. h5 Qd6 20. Qxd6 Rxd6 21. h6 Bh8 22. Rhe1 Kf8 23. a4 Rxe1 24. Rxe1 Ng8 25. Nb5 Rd7 26. Be3 Bf6 27. g5 Be7 28. f4 f6 29. Nd4 Kf7 30. Kd2 1/2-1/2